[Event "IND-ch U15 Girls 39th"]
[Site "Jalgaon"]
[Date "2023.12.31"]
[Round "6"]
[White "Mishka, Mathur"]
[Black "Rajanya, Datta"]
[Result "1/2-1/2"]
[WhiteElo "1414"]
[BlackElo "1688"]
[PlyCount "108"]
[EventDate "2023.12.27"]
[EventType "swiss"]
[EventRounds "11"]
[EventCountry "IND"]
[SourceTitle "CB02_2024"]
[SourceDate "2024.01.10"]
[SourceVersion "1"]
[SourceVersionDate "2024.01.10"]
[SourceQuality "1"]

1. d4 d5 2. Nf3 Nf6 3. Bf4 c5 4. e3 Nc6 5. c3 Qb6 6. b3 Bf5 7. Bd3 Bxd3 8. Qxd3 e6 9. Nbd2 Be7 10. 0-0 Rc8 11. h3 0-0 12. Ne5 Qa5 13. Nxc6 Rxc6 14. c4 Rd8 15. Rac1 a6 16. a4 Qb6 17. Nf3 Rcc8 18. Rfd1 h6 19. Be5 Nd7 20. cxd5 Nxe5 21. Nxe5 Rxd5 22. Qb1 Rcd8 23. Nc4 Qb4 24. dxc5 Bxc5 25. Rxd5 Rxd5 26. Rd1 Qc3 27. Rc1 Qf6 28. Rd1 Rf5 29. Qc2 g6 30. Nd6 Bxd6 31. Rxd6 Rg5 32. Rd1 Qf3 33. Rd8+ Kh7 34. g3 Qf6 35. Rd7 b5 36. h4 Rh5 37. Kg2 Kg7 38. Rd4 e5 39. Rd5 bxa4 40. bxa4 Rf5 41. e4 Rf3 42. Rd3 Rxd3 43. Qxd3 Qc6 44. a5 Kf6 45. f3 Kg7 46. Qd2 Qb5 47. g4 Qc5 48. g5 h5 49. Qd8 Qc2+ 50. Kg3 Qc5 51. Qb6 Qc3 52. Qxa6 Qe1+ 53. Kg2 Qd2+ 54. Kf1 Qd1+ 1/2-1/2

[Event "IND-ch U15 Girls 38th"]
[Site "New Delhi"]
[Date "2022.12.02"]
[Round "7"]
[White "Patil, Disha"]
[Black "Mishka, Mathur"]
[Result "1-0"]
[WhiteElo "1477"]
[BlackElo "1268"]
[PlyCount "99"]
[EventDate "2022.11.28"]
[EventType "swiss"]
[EventRounds "11"]
[EventCountry "IND"]
[SourceTitle "CBM 211 Extra"]
[Source "ChessBase"]
[SourceDate "2023.01.31"]
[SourceVersion "1"]
[SourceVersionDate "2023.01.31"]
[SourceQuality "1"]

1. e4 e5 2. Nf3 Nc6 3. Bc4 Bc5 4. c3 Nf6 5. d3 h6 6. Nbd2 d6 7. Bb3 0-0 8. 0-0 Kh8 9. h3 Nh7 10. Qe2 Bb6 11. Nc4 f5 12. Nxb6 axb6 13. exf5 Bxf5 14. Bc2 Qf6 15. Nh2 Rae8 16. Bd2 d5 17. Rad1 d4 18. Kh1 Qf7 19. c4 Qf6 20. b4 Qe7 21. a3 Rf6 22. Rde1 Re6 23. Qd1 Qf7 24. Qf3 Rf6 25. Qe2 Rfe6 26. Nf3 Nd8 27. Nh4 g5 28. Nxf5 Qxf5 29. g4 Qf6 30. Qe4 c5 31. Ba4 Rf8 32. Bd7 Re7 33. Bf5 Qd6 34. Bxh7 Rxh7 35. Qxe5+ Qxe5 36. Rxe5 Nc6 37. Rf5 Rxf5 38. gxf5 Rf7 39. Re1 Kg7 40. b5 Na5 41. Bxa5 bxa5 42. Re5 b6 43. Kg2 h5 44. Kg3 Rf6 45. f4 Kh6 46. Re6 gxf4+ 47. Kxf4 Kg7 48. Kg5 Rxe6 49. fxe6 h4 50. Kxh4 1-0